Soap opera (Feuilleton TV) en 30 clics - Statistiques

Statistiques générales
  • Ce quiz a été pris 21 fois
  • Le résultat moyen est 18 sur 30
Statistiques - réponses
Hint Réponse % Correct
Beverly Hills 90210
89%
t Melrose Place
83%
Beverly Hills 90210
78%
Beverly Hills 90210
78%
Dallas
72%
Dallas
72%
Desperate Housewives
72%
Melrose Place
72%
Melrose Place
72%
Côte Ouest
67%
Desperate Housewives
67%
Desperate Housewives
67%
Amour, Gloire et Beauté
61%
Côte Ouest
61%
Dallas
61%
Dynastie
61%
Les Feux de l'amour
61%
Santa Barbara
61%
Sunset Beach
61%
Amour, Gloire et Beauté
56%
Dynastie
56%
Santa Barbara
56%
Côte Ouest
50%
Dynastie
50%
Les Feux de l'amour
50%
Les Feux de l'amour
44%
Santa Barbara
44%
Sunset Beach
44%
Amour, Gloire et Beauté
39%
Sunset Beach
22%
Aucun quiz correspondant
Distribution des résultats
% des personnes avec chaque résultat
Percentile par nombre de réponses
Votre historique - résultats
Vous n’avez pas pris ce quiz